000 01077nam a2200181 a 4500
001 000047436
005 20201002060535.0
008 180529s2017 dr 000 0 spa d
020 _a9789945585346
040 _aDO-SdBNP
_bspa
_cBNPHU
082 _axx
_bxx
110 2 _aRepublica Dominicana
_bPoder Judiacial
_975071
245 1 0 _aRecopilación de resoluciones dictadas por la dirección general de mensuras catastrales, año 2016.
260 _aSanto Domingo, República Dominicana :
_bPoder Judicial,
_c2017.
300 _a59 p. ;
_c23 cm.
505 0 _aResolucion núm. 3642-2016, que aprueba el reglamento de desjudicialización de deslinde y procedimientos diversos --
_tResolución núm. 3643-2016, que aprueba el reglamento para la solicitud de autorización de mensura para saneamiento --
_tResolución núm.3644-2016, que aprueba el reglamento para el uso de condenas de la red de estaciones permanentes y levantamientos parcelarios --
_tResolución núm.3645-2016, que aprueba el reglamento sobre solucioens de mensuras superpuestas.
590 _aInventariado, 2019/VM
999 _c46924
_d46924